[Event "56th Rubinstein Memorial A 2020"]
[Site "Polanica Zdroj"]
[Date "2020.08.17"]
[Round "3.17"]
[White "Kazmierowski, Tymon"]
[Black "Balinski, Damian"]
[Result "0-1"]
[WhiteElo "1844"]
[BlackElo "2136"]
[Annotator "RC"]
[PlyCount "54"]
[EventDate "2020.08.15"]
[EventType "swiss"]
[EventCountry "POL"]
[SourceTitle "playchess.com"]
[Source "ChessBase"]
[SourceQuality "1"]
[TimeControl "40/5400+30:1800+30"]

1. e4 {[%emt 0:00:00]} d6 {[%emt 0:00:00]} 2. d4 {[%emt 0:00:00]} Nf6 {[%emt 0:00:00]} 3. Nc3 {[%emt 0:00:00]} g6 {[%emt 0:00:00]} 4. f4 {[%emt 0:00:00]} Bg7 {[%emt 0:00:00]} 5. Nf3 {[%emt 0:00:00]} O-O {[%emt 0:00:07]} 6. Be3 {[%emt 0:00:00]} b6 {[%emt 0:00:05]} 7. Qd2 {[%emt 0:02:21]} Bb7 {[%emt 0:00:17]} 8. Bd3 {[%emt 0:00:54]} c5 {[%emt 0:02:31]} 9. O-O-O {[%emt 0:00:37]} Nbd7 {[%emt 0:09:08]} 10. d5 {[%emt 0:04:19]} a6 {[%emt 0:02:25]} 11. e5 {[%emt 0:46:08]} Nxd5 {[%emt 0:11:04]} 12. Nxd5 {[%emt 0:01:17]} Bxd5 {[%emt 0:00:02]} 13. Be2 {[%emt 0:00:22]} Bc6 {[%emt 0:08:57]} 14. e6 {[%emt 0:08:09]} fxe6 {[%emt 0:07:27]} 15. Ng5 {[%emt 0:00:30]} Rf6 {[%emt 0:00:12]} 16. Nxe6 {[%emt 0:02:29]} Rxe6 {[%emt 0:04:46]} 17. Bc4 {[%emt 0:00:51]} Nf8 {[%emt 0:05:31]} 18. f5 {[%emt 0:02:15]} gxf5 {[%emt 0:01:30]} 19. Bxe6+ {[%emt 0:00:11]} Nxe6 {[%emt 0:00:07]} 20. Rde1 {[%emt 0:00:52]} Qd7 {[%emt 0:05:14]} 21. Qd3 {[%emt 0:01:35]} Be4 {[%emt 0:01:05]} 22. Qb3 {[%emt 0:00:13]} b5 {[%emt 0:03:36]} 23. Bd2 {[%emt 0:01:13]} d5 {[%emt 0:02:29]} 24. Qh3 {[%emt 0:00:22]} b4 {[%emt 0:04:02]} 25. Rhf1 {[%emt 0:01:27]} Rf8 {[%emt 0:02:49]} 26. Qh4 {[%emt 0:04:57]} Nd4 {[%emt 0:02:35]} 27. Rf3 {[%emt 0:01:32]} Qa4 {[%emt 0:02:20]} 0-1

[Event "56th Rubinstein Memorial A 2020"]
[Site "Polanica Zdroj"]
[Date "2020.08.17"]
[Round "3.18"]
[White "Hasterok, Mateusz"]
[Black "Jedynak, January"]
[Result "1-0"]
[WhiteElo "2056"]
[BlackElo "1887"]
[Annotator "TA"]
[PlyCount "59"]
[EventDate "2020.08.15"]
[EventType "swiss"]
[EventCountry "POL"]
[SourceTitle "playchess.com"]
[Source "ChessBase"]
[SourceQuality "1"]

{[%evp 15,59,33,16,6,10,-1,-15,-2,0,-12,91,93,168,117,125,98,84,61,211,185,174,154,303,299,291,151,139,120,200,183,684,663,680,666,652,621,1083,1064,943,873,1351,924,868,483,1072,1051]} 1. d4 d5 2. c4 e6 3. Nc3 c6 4. e3 Nf6 5. Nf3 Nbd7 6. Qc2 Bd6 7. Bd3 e5 8. cxd5 cxd5 {[#] Threatens to win with ...e4.} 9. dxe5 {D46: Semi-Slav: 5 e3 Nbd7 6 Bd3, Black avoids the Meran.} Nxe5 10. Be2 O-O 11. O-O {The position is equal.} Qc7 {White should prevent ...Nxf3+.} 12. Nd4 {[#]} Neg4 $146 (12... Nc6 $11 {remains equal.}) ({Predecessor:} 12... a6 13. f4 Nc6 14. Rd1 Re8 15. Bf3 Nxd4 16. Rxd4 Bc5 17. Nxd5 Nxd5 18. Bxd5 Qb6 {1-0 (42) Ikeda,V (1934)-Volkmann,A (1848) Sao Bento do Sul 2015}) 13. h3 $16 Bh2+ 14. Kh1 Bg1 {[%csl Gg1,Gg4][%cal Rc7h2] [#]} 15. Nf3 Bxf2 16. hxg4 Nxg4 (16... Ne4 $1 $14 17. Rxf2 Nxf2+ 18. Kg1 Qg3) 17. Bd3 $18 Bg3 18. Ne2 Qd6 (18... Qxc2 $16 19. Bxc2 Bf2) 19. Nxg3 ({Don't do} 19. Bxh7+ Kh8) 19... Qxg3 20. Qe2 (20. Bxh7+ $18 Kh8 21. Bd3) 20... Re8 $16 {intending ...Re5.} 21. Qe1 Qd6 (21... Qxe1 $16 {keeps fighting.} 22. Nxe1 Nxe3) 22. Qh4 $18 Re6 $2 (22... h6 23. Bd2 Bd7) 23. Qxh7+ {White is clearly winning.} Kf8 {White must now prevent ...Rh6+.} 24. e4 dxe4 25. Bxe4 Nf6 26. Qh8+ Ke7 27. Bf5 Rb8 28. Bxe6 Bxe6 29. Qh2 Qd3 (29... Qxh2+ $142 30. Kxh2 Kf8) 30. Bg5 {Accuracy: White = 75%, Black = 35%.} 1-0

[Event "56th Rubinstein Memorial A 2020"]
[Site "Polanica Zdroj"]
[Date "2020.08.17"]
[Round "3.19"]
[White "Galant, Ireneusz"]
[Black "Goraj, Barbara"]
[Result "1/2-1/2"]
[WhiteElo "1803"]
[BlackElo "2099"]
[Annotator "TA"]
[PlyCount "81"]
[EventDate "2020.08.15"]
[EventType "swiss"]
[EventCountry "POL"]
[SourceTitle "playchess.com"]
[Source "ChessBase"]
[SourceQuality "1"]

{[%evp 14,81,-6,-4,0,-18,-10,-40,-39,-45,1,0,0,-18,-16,-77,0,-34,0,0,3,-22,-2,7,2,4,12,22,17,0,50,32,38,33,37,16,76,33,48,48,54,25,50,32,52,0,75,72,64,47,49,53,326,313,250,0,115,19,81,26,26,27,27,13,7,10,127,113,105,102]} 1. e4 c5 2. Nf3 Nc6 3. d3 d6 4. h3 g6 5. g3 Bg7 6. Bg2 e6 7. O-O Nge7 8. c3 O-O {A04: Unusual lines after 1 Nf3 and King's Indian Attack.} 9. Be3 b6 {[#]} 10. Qc1 $146 ({Predecessor:} 10. Qd2 Ba6 11. Re1 Ne5 12. d4 Nc4 13. Qc1 Nxe3 14. Qxe3 Rc8 15. Rd1 Qc7 16. Nbd2 d5 {½-½ (66) Szczepkowska,K (2288)-Helis,T (2319) Rybnik 2009}) 10... Ba6 {Black is slightly better.} 11. Rd1 Re8 12. Bh6 Ne5 13. Ne1 Bh8 14. g4 (14. f4 $11 N5c6 15. Nf3) 14... Qc7 (14... f5 $17) 15. Na3 Rad8 16. f4 N5c6 17. Nac2 d5 18. e5 f6 19. d4 cxd4 20. cxd4 Rc8 21. Qe3 {Strongly threatening exf6.} f5 22. Rac1 Qd7 23. Nf3 Rc7 24. Nh4 Na5 (24... Rec8 $11) 25. b3 Rec8 26. Nb4 Bb7 27. gxf5 Nxf5 28. Nxf5 gxf5 29. Nd3 (29. Rxc7 $14 Rxc7 30. Qg3+ Bg7 31. Qg5) 29... Ba6 (29... Rxc1 $11 30. Rxc1 Rxc1+ 31. Qxc1 Nc6) 30. Rxc7 $16 Rxc7 31. Nb4 Bb7 32. Kh2 {Hoping for Rg1.} Qb5 $2 {[%mdl 8192]} (32... Qe7 $14 33. Qg3+ Bg7 34. Bxg7 Qxg7) 33. Qg3+ $18 Bg7 {[#]} 34. Qg5 $2 (34. Rc1 $1 $18 {[%cal Rc1c7][%mdl 512]} Rf7 (34... Rxc1 35. Qxg7#) 35. Nxd5 $1 {[%mdl 512]} exd5 36. Rg1) 34... Qe8 (34... Qxb4 $11 35. Qd8+ Qf8 36. Qxc7 Bxh6) 35. Bf3 (35. Rc1 $1 $16 {[%cal Rc1c7]} Re7 36. Bf1) 35... Kh8 {[#]} (35... Qf8 $11 {remains equal.}) 36. Rg1 (36. Bxg7+ $1 $16 Rxg7 37. Qf6) 36... Qf8 $1 $11 37. Bxg7+ $40 {[%mdl 128] White has some attack.} Rxg7 38. Qf6 Qxf6 39. exf6 Rf7 (39... Rxg1 $11 {keeps the balance.} 40. Kxg1 Kg8) 40. Bh5 Rxf6 41. Rc1 {Accuracy: White = 62%, Black = 53%.} 1/2-1/2

[Event "56th Rubinstein Memorial A 2020"]
[Site "Polanica Zdroj"]
[Date "2020.08.17"]
[Round "3.20"]
[White "Pultinevicius, Paulius"]
[Black "Starosciak, Szymon"]
[Result "1-0"]
[WhiteElo "2512"]
[BlackElo "1850"]
[Annotator "TA"]
[PlyCount "49"]
[EventDate "2020.08.15"]
[EventType "swiss"]
[EventCountry "POL"]
[SourceTitle "playchess.com"]
[Source "ChessBase"]
[SourceQuality "1"]

{[%evp 13,49,19,27,26,31,25,40,41,47,52,67,49,111,114,120,100,109,104,318,142,217,214,689,675,686,659,1144,1147,1192,1100,1602,1521,1384,1047,1045,1021,1022,1005]} 1. d4 d5 2. Nf3 Nf6 3. c4 c6 4. e3 e6 5. Nbd2 Nbd7 6. b3 Bd6 7. Bb2 O-O 8. Qc2 {D30: Queen's Gambit Declined: Systems without Nc3.} Re8 9. Ne5 Qc7 {[%cal Rd7e5]} 10. f4 {White is slightly better.} c5 11. Bd3 Nf8 12. O-O {[#]} Ng6 $146 ({Black should try} 12... b6 $14) ({Predecessor:} 12... N6d7 13. Rac1 b6 14. Qd1 f6 15. Qh5 fxe5 16. fxe5 g6 17. Qf3 Re7 18. cxd5 Bb7 19. exd6 Qxd6 20. dxc5 bxc5 21. e4 exd5 22. exd5 Bxd5 23. Be4 Nb6 24. Qc3 {1-0 (24) Karagiannis,A (2349)-Kostas,P (1885) Nikaia 2007}) 13. Ndf3 $16 cxd4 14. Bxd4 (14. Bxg6 $6 hxg6 15. Nxd4 Bc5 $11) 14... b6 15. Ng5 Rf8 $2 {[#]} (15... Nxe5 $16 16. fxe5 (16. Bxh7+ Kf8 $16) 16... Bxe5) 16. Rf3 (16. Nexf7 $1 $18 {is the precise move to win.} Rxf7 17. Bxg6 hxg6 18. Qxg6) 16... dxc4 (16... Bxe5 $16 {might work better.} 17. fxe5 Ne4 18. Nxe4 (18. Bxe4 dxe4 19. Rg3 Bb7 $16) 18... dxe4 19. Bxe4 Bb7) 17. Bxg6 $18 (17. Nxc4 Bc5 $16) 17... hxg6 $2 (17... fxg6 18. Nxg6 (18. bxc4 h6 $14) (18. Nxc4 b5 $15) (18. Qxc4 Qxc4 19. Nxc4 Be7 $11) 18... Re8) 18. Nexf7 {White is clearly winning.} Rxf7 19. Qxg6 Kf8 20. Rh3 {[#] Threatens to win with Rh8+.} Ng8 21. Rh8 {Strongly threatening Bxg7+!} ({Weaker is} 21. Qxf7+ Qxf7 22. Nxf7 Kxf7 $15) 21... e5 22. Nxf7 {White threatens Nh6! and mate.} Bf5 23. Qxd6+ Qxd6 24. Nxd6 exd4 25. Nxf5 {Black got outplayed after the opening. Accuracy: White = 82%, Black = 36%.} 1-0

[Event "56th Rubinstein Memorial A 2020"]
[Site "Polanica Zdroj"]
[Date "2020.08.18"]
[Round "4.1"]
[White "Stachecki, Mikolaj"]
[Black "Jachym, Adam"]
[Result "0-1"]
[WhiteElo "1806"]
[BlackElo "2042"]
[Annotator "TA"]
[PlyCount "86"]
[EventDate "2020.08.15"]
[EventType "swiss"]
[EventCountry "POL"]
[SourceTitle "playchess.com"]
[Source "ChessBase"]
[SourceQuality "1"]

{[%evp 10,86,45,33,42,35,38,37,48,39,39,48,48,25,29,27,29,23,25,7,6,4,10,4,0,-9,-13,-22,-20,-46,-41,-42,-29,-57,-20,-60,-41,-102,-95,-93,-94,-137,-136,-129,-103,-110,-97,-99,-70,-75,-79,-137,-113,-100,-37,-23,-29,-37,0,-41,0,0,418,401,604,590,534,0,0,-644,-645,-674,-666,-671,-671,-829,-822,-789,-708]} 1. e4 Nf6 2. e5 Nd5 3. d4 d6 4. c4 Nb6 5. exd6 exd6 6. h3 Bf5 {B03: Alekhine's Defence: Four Pawns Attack.} 7. Nf3 Be7 8. Bd3 Qd7 {White is slightly better.} 9. O-O O-O 10. Nc3 Nc6 11. d5 Nb4 12. Bxf5 Qxf5 13. Nd4 {[#]} Qd3 $146 ({Predecessor:} 13... Qg6 14. b3 Bf6 15. Be3 a6 16. Qd2 Nd3 17. f4 Nc5 18. f5 Qh5 19. Kh2 Be5+ {½-½ (53) Leow,L (2419)-Penzold,A (2389) Dresden 2018}) 14. Qxd3 Nxd3 15. b3 Nxc1 16. Raxc1 Bf6 17. Nf5 g6 18. Ne3 Nd7 19. b4 b6 {[%cal Bb7b6,Bb6a5][%mdl 32]} 20. a3 a6 21. Ne4 Be7 22. Nd2 a5 23. Nb3 (23. Ne4 $15) 23... Bf6 $17 24. bxa5 bxa5 25. Nc2 Nb6 26. Nd2 Rfe8 27. Rfd1 Rab8 28. Rb1 Na4 {Hoping for ...Nc3.} 29. Rxb8 Rxb8 30. Ne4 (30. Rb1 $142 Rxb1+ 31. Nxb1) 30... Be5 31. Nd4 Re8 (31... Nb2 $17 32. Nc6 Nxd1 33. Nxb8 f5) 32. Nb5 $15 Nb2 33. Re1 {Strongly threatening Nf6+!} Kg7 34. Nxc7 Rc8 (34... Re7 $5 {[%cal Re7c7]} 35. Nb5 Nxc4 $15) 35. Nb5 Rb8 $2 {[%mdl 8192]} (35... Nxc4 $11 36. a4 h6) 36. Nexd6 $18 f6 (36... Kf6 $142 37. Re3 Bxd6) 37. c5 Nd3 {[#]} 38. f4 $2 (38. Rxe5 $1 $18 fxe5 (38... Nxe5 39. c6) 39. c6) 38... Bxd6 $1 $11 39. Rb1 $2 {[%mdl 8192]} (39. Nxd6 $11 Nxe1 40. c6) 39... Bxc5+ $19 {Black is clearly winning.} 40. Kf1 Nxf4 41. d6 {[#]} Bxd6 $1 42. Rd1 (42. Nxd6 Rxb1+) 42... Rxb5 43. Rxd6 Rb3 {Accuracy: White = 67%, Black = 72%.} 0-1

[Event "56th Rubinstein Memorial A 2020"]
[Site "Polanica Zdroj"]
[Date "2020.08.18"]
[Round "4.2"]
[White "Ovsejevitsch, Sergei"]
[Black "Kowalczyk, Rafal"]
[Result "1-0"]
[WhiteElo "2587"]
[BlackElo "2268"]
[Annotator "TA"]
[PlyCount "105"]
[EventDate "2020.08.15"]
[EventType "swiss"]
[EventCountry "POL"]
[SourceTitle "playchess.com"]
[Source "ChessBase"]
[SourceQuality "1"]

{[%evp 9,105,-3,-1,-10,-4,-12,-12,-8,0,-5,-15,-37,-46,-23,-27,-38,-42,-34,0,0,0,0,2,0,0,3,13,13,13,24,20,13,13,12,14,9,10,10,45,36,102,98,131,132,124,119,112,112,202,89,88,87,102,88,78,85,97,96,103,99,182,173,178,170,202,189,227,217,247,271,280,266,311,295,289,301,288,294,308,307,368,354,401,394,1183,1164,858,860,757,757,1454,1348,5497,5467,1987,1869,29975,29976]} 1. Nf3 Nf6 2. c4 e6 3. d4 b6 4. Nc3 Bb7 5. Qd3 d5 6. cxd5 {E12: Queen's Indian: Unusual White 4th moves, 4 a3, 4 Nc3 Bb7 5 a3 and 4 Nc3 Bb7 .} Nxd5 7. e4 Nxc3 8. bxc3 {The position is equal.} c5 9. Qb5+ {[#]} Nc6 $146 {[%cal Rc5d4]} ({Predecessor:} 9... Nd7 10. Bd3 Be7 11. O-O O-O 12. a4 Nb8 13. Rd1 Ba6 14. Qb1 Bxd3 15. Qxd3 cxd4 16. cxd4 {1-0 (47) Ovsejevitsch,S (2571)-Kunin,V (2582) Vaxjo 2016}) 10. Rb1 Be7 11. Be3 {[%cal Rd4c5]} cxd4 12. cxd4 O-O 13. Be2 $1 Nb8 {[%cal Bc6b8,Bb8d7,Bd7f6][%mdl 32]} 14. Qd3 Nd7 15. O-O Rc8 16. Rfc1 Nf6 17. Nd2 Qd7 18. f3 Rxc1+ 19. Rxc1 Rc8 20. Rxc8+ Qxc8 21. Qc4 Qxc4 22. Nxc4 Nd7 23. Kf2 Bb4 24. Bf4 f6 ({Black should try} 24... f5 $14) 25. Nd6 $16 e5 26. Nxb7 {Threatens to win with Be3.} exf4 {[%mdl 4096] Endgame KBN-KBN} 27. Bc4+ Kf8 28. Nd8 $1 g5 (28... Ke8 $16 {is a better defense.}) 29. Ke2 (29. Nc6 $1 $18 {[%cal Rc6b4]} a5 30. Be6) 29... Nb8 30. h4 h6 31. Ne6+ Ke7 32. Ng7 Nc6 33. Nf5+ Kd8 34. Bb5 Ne7 (34... Nb8 $16) 35. Nxh6 $18 gxh4 {[#]} 36. Ng4 $1 f5 37. Ne5 fxe4 38. fxe4 Bc3 39. Kd3 Ba1 40. Nf3 Kc7 41. Nxh4 a6 42. Be8 ({Less strong is} 42. Bxa6 Nc6 $16) 42... Kd8 43. Bh5 Nc6 44. Nf5 b5 {[#]} 45. e5 $1 a5 46. Bf3 Kd7 $2 (46... Na7 47. Nd6 Ke7) 47. Bxc6+ Kxc6 {KB-KN} 48. Ne7+ Kd7 49. Nd5 a4 50. Nxf4 b4 51. Ne2 Bb2 52. Kc2 Ba1 53. Kb1 {Accuracy: White = 95%, Black = 51%.} 1-0

[Event "56th Rubinstein Memorial A 2020"]
[Site "Polanica Zdroj"]
[Date "2020.08.18"]
[Round "4.2"]
[White "Domanski, Lukasz"]
[Black "Rogacewicz, Mikolaj"]
[Result "1/2-1/2"]
[WhiteElo "2039"]
[BlackElo "1970"]
[Annotator "TA"]
[PlyCount "86"]
[EventDate "2020.08.15"]
[EventType "swiss"]
[EventCountry "POL"]

{[%evp 12,86,16,9,19,10,62,49,50,36,47,51,43,25,27,0,0,-13,0,0,0,-31,-9,-22,0,0,0,0,2,0,0,0,1,1,1,-12,15,2,10,0,0,-12,-12,-7,-8,0,0,0,16,0,29,0,10,35,24,0,0,0,0,-28,-16,-45,-48,-48,-37,-46,-11,-16,-26,-25,-24,-15,-20,-22,0,-56,-15]} 1. e4 e6 2. d4 d5 3. Nc3 Bb4 4. exd5 exd5 5. Bd3 Nf6 6. Nge2 O-O 7. O-O b6 {C01: French: Exchange Variation.} 8. Ng3 c5 (8... h6 $11) 9. dxc5 $14 {[#]} Bg4 $146 {White is slightly better.} ({Predecessor:} 9... bxc5 10. a3 Bxc3 11. bxc3 Bg4 12. f3 Be6 13. Kh1 Nbd7 14. h3 Qc7 15. f4 Nb6 {½-½ (50) Horton,J (2064)-Abhijith,M (2126) Pune 2014}) 10. Nce2 bxc5 11. c3 Ba5 $1 12. Bg5 Nbd7 13. Bb5 (13. h3 $5 {[%cal Rh3g4]} Be6 14. Nf4 $11) 13... h6 $36 {[%mdl 2048] Black fights for an advantage.} 14. Bxd7 {[#] And now Bxf6 would win.} hxg5 15. Bxg4 Nxg4 16. Qd3 Qd7 17. h3 Nf6 18. Qe3 g4 19. Qg5 gxh3 20. Nf5 {[%csl Gf5][%cal Rg5g7] [#]} g6 21. Qxf6 {[%csl Gf5][%cal Rf6g7]} Qxf5 22. Qxf5 gxf5 23. gxh3 Kg7 24. Rad1 Rad8 25. Rd3 Rfe8 26. Ng3 Kg6 27. Rfd1 f4 28. Nf1 Re5 29. Nd2 Kf6 30. Nf3 Rh5 31. Kh2 Ke6 32. h4 Rdh8 33. Kh3 Bd8 {[%cal Rd8h4]} 34. Kg4 Bxh4 35. Kxf4 Bf6 ({Of course not} 35... Bxf2 $6 36. Ng5+ Kd7 37. Rxd5+ Kc6 38. Rf5 $16) 36. Rg1 Rf5+ 37. Ke3 a5 38. Rg4 Rb8 39. b3 $1 Kd6 40. Ra4 Re8+ 41. Kd2 Bd8 42. Rg4 Re6 43. Re3 (43. c4 $11) 43... Bb6 {Accuracy: White = 83%, Black = 88%.} 1/2-1/2

[Event "56th Rubinstein Memorial A 2020"]
[Site "Polanica Zdroj"]
[Date "2020.08.18"]
[Round "4.3"]
[White "Cukrowski, Filip"]
[Black "Golecki, Jan"]
[Result "1/2-1/2"]
[WhiteElo "2419"]
[BlackElo "2106"]
[Annotator "ChessBase"]
[PlyCount "128"]
[EventDate "2020.08.15"]
[EventType "swiss"]
[EventCountry "POL"]
[SourceTitle "playchess.com"]
[Source "ChessBase"]
[SourceQuality "1"]
[TimeControl "40/5400+30:1800+30"]

1. e4 {[%emt 0:04:47]} e5 {[%emt 0:00:00]} 2. Nf3 {[%emt 0:00:13]} Nc6 {[%emt 0:00:00]} 3. Bb5 {[%emt 0:00:07]} a6 {[%emt 0:00:00]} 4. Bxc6 {[%emt 0:00:29]} dxc6 {[%emt 0:00:00]} 5. O-O {[%emt 0:00:07]} Bg4 {[%emt 0:00:06]} 6. h3 {[%emt 0:00:06]} h5 {[%emt 0:00:04]} 7. d3 {[%emt 0:00:06]} Qf6 {[%emt 0:00:06]} 8. Be3 {[%emt 0:00:05]} Bxf3 {[%emt 0:00:05]} 9. Qxf3 {[%emt 0:00:05]} Qxf3 {[%emt 0:00:04]} 10. gxf3 {[%emt 0:00:07]} Bd6 {[%emt 0:00:24]} 11. Nd2 {[%emt 0:00:09]} Ne7 {[%emt 0:03:24]} 12. Rfb1 {[%emt 0:00:17]} a5 {[%emt 0:02:53]} 13. a4 {[%emt 0:01:45]} Nc8 {[%emt 0:16:26]} 14. Nc4 {[%emt 0:01:31]} c5 {[%emt 0:08:01]} 15. Bd2 {[%emt 0:01:45]} b6 {[%emt 0:00:06]} 16. Kh2 {[%emt 0:20:11]} f6 {[%emt 0:00:25]} 17. Rg1 {[%emt 0:14:24]} Kf7 {[%emt 0:00:07]} 18. Rae1 {[%emt 0:00:07]} Be7 {[%emt 0:14:43]} 19. f4 {[%emt 0:05:05]} Nd6 {[%emt 0:00:05]} 20. fxe5 {[%emt 0:09:07]} Nxc4 {[%emt 0:00:17]} 21. dxc4 {[%emt 0:00:05]} fxe5 {[%emt 0:00:42]} 22. Bc3 {[%emt 0:00:07]} Bf6 {[%emt 0:00:14]} 23. Ref1 {[%emt 0:10:37]} g5 {[%emt 0:17:48]} 24. f3 {[%emt 0:06:40]} Rag8 {[%emt 0:02:45]} 25. Kg3 {[%emt 0:00:06]} Ke6 {[%emt 0:02:14]} 26. Rh1 {[%emt 0:02:12]} Rg6 {[%emt 0:05:19]} 27. Kf2 {[%emt 0:03:11]} Rhg8 {[%emt 0:02:20]} 28. Rfg1 {[%emt 0:00:26]} R8g7 {[%emt 0:04:44]} 29. Bd2 {[%emt 0:01:33]} g4 {[%emt 0:04:06]} 30. hxg4 {[%emt 0:00:06]} hxg4 {[%emt 0:00:03]} 31. Rxg4 {[%emt 0:00:32]} Rxg4 {[%emt 0:00:05]} 32. fxg4 {[%emt 0:00:06]} Rxg4 {[%emt 0:00:03]} 33. Kf3 {[%emt 0:00:17]} Rg7 {[%emt 0:01:25]} 34. Rh6 {[%emt 0:03:45]} Ke7 {[%emt 0:00:01]} 35. Be3 {[%emt 0:01:25]} Bg5 {[%emt 0:01:38]} 36. Rh5 {[%emt 0:00:07]} Kf6 {[%emt 0:00:01]} 37. Bxg5+ {[%emt 0:00:10]} Rxg5 {[%emt 0:00:01]} 38. Rh7 {[%emt 0:00:09]} Ke6 {[%emt 0:00:47]} 39. Rxc7 {[%emt 0:00:12]} Kd6 {[%emt 0:00:03]} 40. Rb7 {[%emt 0:00:00]} Kc6 {[%emt 0:00:00]} 41. Re7 {[%emt 0:01:28]} Kd6 {[%emt 0:00:19]} 42. Re8 {[%emt 0:00:18]} Rg1 {[%emt 0:00:34]} 43. Rd8+ {[%emt 0:00:17]} Kc6 {[%emt 0:00:37]} 44. Rd2 {[%emt 0:00:22]} Rg6 {[%emt 0:01:16]} 45. Rd5 {[%emt 0:01:10]} Rg5 {[%emt 0:00:08]} 46. b3 {[%emt 0:01:33]} Kc7 {[%emt 0:00:06]} 47. Ke3 {[%emt 0:04:00]} Rg3+ {[%emt 0:01:23]} 48. Kd2 {[%emt 0:01:19]} Rg5 {[%emt 0:00:03]} 49. Kc1 {[%emt 0:00:04]} Rh5 {[%emt 0:03:32]} 50. Kb2 {[%emt 0:00:35]} Rg5 {[%emt 0:00:36]} 51. Kc3 {[%emt 0:00:59]} Rh5 {[%emt 0:00:38]} 52. Rd3 {[%emt 0:00:24]} Rh4 {[%emt 0:00:40]} 53. Re3 {[%emt 0:00:03]} Kd6 {[%emt 0:00:14]} 54. Kd3 {[%emt 0:00:05]} Rh6 {[%emt 0:02:32]} 55. Rg3 {[%emt 0:00:09]} Ke6 {[%emt 0:01:39]} 56. Rg7 {[%emt 0:00:06]} Kd6 {[%emt 0:00:05]} 57. Rf7 {[%emt 0:01:28]} Rh3+ {[%emt 0:01:15]} 58. Ke2 {[%emt 0:00:12]} Rh2+ {[%emt 0:00:37]} 59. Rf2 {[%emt 0:00:11]} Rh6 {[%emt 0:02:51]} 60. Kf3 {[%emt 0:01:10]} Rg6 {[%emt 0:01:19]} 61. Rg2 {[%emt 0:01:19]} Rf6+ {[%emt 0:00:29]} 62. Ke3 {[%emt 0:00:14]} Rh6 {[%emt 0:01:21]} 63. Rg3 {[%emt 0:00:20]} Kc6 {[%emt 0:02:27]} 64. Kf2 {[%emt 0:00:49]} Rh2+ {[%emt 0:00:22]} 1/2-1/2

[Event "56th Rubinstein Memorial A 2020"]
[Site "Polanica Zdroj"]
[Date "2020.08.18"]
[Round "4.3"]
[White "Jedynak, January"]
[Black "Mirowska, Oliwia"]
[Result "1/2-1/2"]
[WhiteElo "1887"]
[BlackElo "1898"]
[Annotator "NA RC"]
[PlyCount "81"]
[EventDate "2020.08.15"]
[EventType "swiss"]
[EventCountry "POL"]
[TimeControl "40/5400+30:1800+30"]

1. e4 {[%emt 0:02:03]} d6 {[%emt 0:03:00]} 2. d4 {[%emt 0:00:39]} g6 {[%emt 0:00:06]} 3. Nc3 {[%emt 0:00:10]} Bg7 {[%emt 0:00:05]} 4. Nf3 {[%emt 0:00:17]} a6 {[%emt 0:00:12]} 5. h3 {[%emt 0:00:06]} b5 {[%emt 0:00:15]} 6. Be3 {[%emt 0:00:35]} Nd7 {[%emt 0:01:33]} 7. a4 {[%emt 0:21:07]} b4 {[%emt 0:01:31]} 8. Bc4 {[%emt 0:01:39]} e6 {[%emt 0:01:39]} 9. Ne2 {[%emt 0:00:52]} Ne7 {[%emt 0:11:38]} 10. Qd2 {[%emt 0:01:48]} Rb8 {[%emt 0:12:21]} 11. Bh6 {[%emt 0:08:39]} Bf6 {[%emt 0:08:28]} 12. Rd1 {[%emt 0:12:56]} Nc6 {[%emt 0:18:41]} 13. O-O {[%emt 0:28:12]} Rg8 {[%emt 0:17:13]} 14. Qf4 {[%emt 0:07:41]} g5 {[%emt 0:02:34]} 15. Qg4 {[%emt 0:00:12]} Rg6 {[%emt 0:01:22]} 16. Qh5 {[%emt 0:00:05]} Qe7 {[%emt 0:03:04]} 17. Ng3 {[%emt 0:01:48]} Na5 {[%emt 0:09:18]} 18. Bd3 {[%emt 0:01:11]} e5 {[%emt 0:00:58]} 19. Nf5 {[%emt 0:00:19]} Qd8 {[%emt 0:00:01]} 20. dxe5 {[%emt 0:00:56]} Nxe5 {[%emt 0:00:27]} 21. Nxe5 {[%emt 0:00:25]} Bxe5 {[%emt 0:00:07]} 22. f4 {[%emt 0:01:14]} gxf4 {[%emt 0:01:11]} 23. Bxf4 {[%emt 0:00:11]} Bxf4 {[%emt 0:00:23]} 24. Rxf4 {[%emt 0:00:15]} Qg5 {[%emt 0:00:23]} 25. Qf3 {[%emt 0:02:22]} Nc6 {[%emt 0:00:58]} 26. h4 {[%emt 0:00:52]} Qd8 {[%emt 0:00:11]} 27. Qh5 {[%emt 0:00:44]} Ne5 {[%emt 0:01:07]} 28. Qxh7 {[%emt 0:00:30]} Kd7 {[%emt 0:02:23]} 29. h5 {[%emt 0:01:11]} Rxg2+ {[%emt 0:01:05]} 30. Kxg2 {[%emt 0:01:52]} Qg5+ {[%emt 0:00:01]} 31. Ng3 {[%emt 0:00:21]} Qxf4 {[%emt 0:00:08]} 32. Rf1 {[%emt 0:00:16]} Qg4 {[%emt 0:01:00]} 33. h6 {[%emt 0:02:02]} Kc6 {[%emt 0:00:13]} 34. Qg7 {[%emt 0:00:46]} Qh3+ {[%emt 0:00:39]} 35. Kf2 {[%emt 0:01:44]} Ng4+ {[%emt 0:01:00]} 36. Kf3 {[%emt 0:00:59]} Ne5+ {[%emt 0:01:23]} 37. Kf2 {[%emt 0:00:34]} Ng4+ {[%emt 0:00:25]} 38. Ke2 {[%emt 0:00:51]} Qxg3 {[%emt 0:00:11]} 39. h7 {[%emt 0:00:15]} Qg2+ {[%emt 0:01:34]} 40. Ke1 {[%emt 0:00:00]} Qg3+ {[%emt 0:00:00]} 41. Ke2 {[%emt 0:07:37]} 1/2-1/2